Sài Gòn Gia Định xưa (Tư liệu, hình ảnh)

Sách cung cấp một bộ sưu tập các bản đồ của Gia Định - Sài Gòn - Chợ Lớn xưa, các tranh vẽ và hình ảnh về các mặt sinh hoạt ở vùng đất này trước năm 1945. Sách còn cung cấp phần biên niên sử Gia Định - Sài Gòn, năm tháng, sự kiện, cùng...

Descrizione completa

Salvato in:
Dettagli Bibliografici
Autore principale: Huỳnh Ngọc Trảng...[et al.]
Natura: Libro
Lingua:Undetermined
Pubblicazione: Tp. HCM Nxb. Tp. HCM 1996
Soggetti:
Tags: Aggiungi Tag
Nessun Tag, puoi essere il primo ad aggiungerne! !
Thư viện lưu trữ: Trung tâm Học liệu Trường Đại học Cần Thơ
LEADER 01092nam a2200205Ia 4500
001 CTU_37539
008 210402s9999 xx 000 0 und d
020 |b 120.000đ 
082 |a 959.7 
082 |b S103 
100 |a Huỳnh Ngọc Trảng...[et al.] 
245 0 |a Sài Gòn Gia Định xưa (Tư liệu, hình ảnh) 
245 0 |c Huỳnh Ngọc Trảng...[et al.] 
260 |a Tp. HCM 
260 |b Nxb. Tp. HCM 
260 |c 1996 
520 |a Sách cung cấp một bộ sưu tập các bản đồ của Gia Định - Sài Gòn - Chợ Lớn xưa, các tranh vẽ và hình ảnh về các mặt sinh hoạt ở vùng đất này trước năm 1945. Sách còn cung cấp phần biên niên sử Gia Định - Sài Gòn, năm tháng, sự kiện, cùng tư liệu tên đường phố xưa và nay. 
650 |a gia dinh - description and travel,sai gon - description and travel,south vietnam - history - 1600-1945 
904 |i Minh, 000802 
980 |a Trung tâm Học liệu Trường Đại học Cần Thơ